[Event "Cheliabinsk Variation-B"]
[Site "Cheliabinsk"]
[Date "2022.04.08"]
[Round "7"]
[White "Telelyukhina, Elizaveta"]
[Black "Mirgalina, Anna"]
[Result "1/2-1/2"]
[WhiteElo "1587"]
[BlackElo "1589"]
[PlyCount "80"]
[EventDate "2022.04.01"]
[EventType "swiss"]
[EventRounds "9"]
[EventCountry "RUS"]
[SourceTitle "CBM 207 Extra"]
[Source "ChessBase"]
[SourceDate "2022.05.31"]
[SourceVersion "1"]
[SourceVersionDate "2022.05.31"]
[SourceQuality "1"]

1. e4 c5 2. Nf3 d6 3. d4 Nf6 4. Nc3 cxd4 5. Qxd4 Nc6 6. Bb5 Bd7 7. Bxc6 Bxc6 8. Bg5 e6 9. 0-0-0 Be7 10. Qd3 a6 11. Nd4 Qa5 12. Bxf6 gxf6 13. Kb1 0-0-0 14. Qc4 Qc7 15. f4 d5 16. exd5 Bxd5 17. Qxc7+ Kxc7 18. Nxd5+ Rxd5 19. c3 Rhd8 20. Kc2 Bc5 21. Ne2 Rxd1 22. Rxd1 Rxd1 23. Kxd1 b5 24. Kd2 Kd6 25. Kd3 Kd5 26. b3 e5 27. c4+ Ke6 28. cxb5 axb5 29. Nc3 b4 30. Ne4 Be7 31. Ng3 exf4 32. Ne2 Kf5 33. h3 Kg5 34. Ke4 Bd6 35. Nd4 Be5 36. Nf5 Bb8 37. Nd4 Be5 38. Nf5 Bb8 39. Nd4 Be5 40. Nf5 Bb8 1/2-1/2

[Event "Cheliabinsk Variation-B"]
[Site "Cheliabinsk"]
[Date "2022.04.02"]
[Round "2"]
[White "Shnayder, Violetta"]
[Black "Telelyukhina, Elizaveta"]
[Result "1-0"]
[WhiteElo "1926"]
[BlackElo "1587"]
[PlyCount "59"]
[EventDate "2022.04.01"]
[EventType "swiss"]
[EventRounds "9"]
[EventCountry "RUS"]
[SourceTitle "CBM 207 Extra"]
[Source "ChessBase"]
[SourceDate "2022.05.31"]
[SourceVersion "1"]
[SourceVersionDate "2022.05.31"]
[SourceQuality "1"]

1. e4 c5 2. Nf3 d6 3. g3 Nf6 4. d3 Nc6 5. Bg2 g6 6. 0-0 Bg7 7. c3 0-0 8. Re1 e5 9. Na3 Be6 10. Nc2 h6 11. d4 cxd4 12. cxd4 exd4 13. Ncxd4 Nxd4 14. Nxd4 Bg4 15. Qb3 Qd7 16. Bf4 Nh5 17. Be3 Rfe8 18. Rac1 a6 19. Qb4 Rad8 20. Rc2 Nf6 21. Rec1 a5 22. Qa3 Rc8 23. Rxc8 Rxc8 24. Rxc8+ Qxc8 25. Qxd6 Ne8 26. Qd5 Qc7 27. h3 Bd7 28. Bf4 Qc8 29. e5 Nc7 30. Qxa5 1-0

[Event "Cheliabinsk Panchenko Memorial op-B"]
[Site "Cheliabinsk"]
[Date "2021.09.19"]
[Round "8"]
[White "Stroganova, Karina"]
[Black "Telelyukhina, Elizaveta"]
[Result "1-0"]
[WhiteElo "1713"]
[BlackElo "1581"]
[PlyCount "67"]
[EventDate "2021.09.13"]
[EventType "swiss"]
[EventRounds "10"]
[EventCountry "RUS"]
[SourceTitle "CBM 204 Extra"]
[Source "ChessBase"]
[SourceDate "2021.11.30"]
[SourceVersion "1"]
[SourceVersionDate "2021.11.30"]
[SourceQuality "1"]

1. d4 Nf6 2. Nf3 e6 3. Bf4 d5 4. e3 c5 5. c3 Nc6 6. Bd3 Bd6 7. Nbd2 Bxf4 8. exf4 Qb6 9. dxc5 Qxb2 10. Qc1 Qxc1+ 11. Rxc1 Nd7 12. Nb3 e5 13. fxe5 Ndxe5 14. Nxe5 Nxe5 15. Bb5+ Bd7 16. Bxd7+ Kxd7 17. Rd1 Kc6 18. Na5+ Kxc5 19. Nxb7+ Kc6 20. Na5+ Kc5 21. Nb3+ Kc6 22. 0-0 Rab8 23. Rfe1 Kd6 24. f4 Nc4 25. Rd4 Nb6 26. Red1 Rbc8 27. Nd2 Ke6 28. Re1+ Kf6 29. c4 dxc4 30. Rd6+ Kf5 31. Re5+ Kxf4 32. Re4+ Kf5 33. g4+ Kg5 34. Nf3# 1-0

[Event "Satka Autumn op (Women)"]
[Site "Satka"]
[Date "2021.09.06"]
[Round "7"]
[White "Telelyukhina, Elizaveta"]
[Black "Kanter, Elizaveta"]
[Result "1-0"]
[WhiteElo "1518"]
[BlackElo "1227"]
[PlyCount "85"]
[EventDate "2021.08.31"]
[EventType "swiss"]
[EventRounds "9"]
[EventCountry "RUS"]
[SourceTitle "CBM 204 Extra"]
[Source "ChessBase"]
[SourceDate "2021.11.30"]
[SourceVersion "1"]
[SourceVersionDate "2021.11.30"]
[SourceQuality "1"]

1. e4 e6 2. d4 d5 3. exd5 exd5 4. Bd3 Nf6 5. Nf3 c5 6. 0-0 Be7 7. dxc5 0-0 8. b4 a5 9. c3 b6 10. cxb6 axb4 11. Be3 Ng4 12. Bd4 Nc6 13. h3 Nf6 14. Re1 Nxd4 15. cxd4 Bd6 16. Qb3 Qxb6 17. a4 Ba6 18. Bxa6 Qxa6 19. Nbd2 Rfc8 20. Re3 Ra7 21. Ne5 Rac7 22. Nd3 Qb6 23. Nf3 Rc3 24. Qb2 h6 25. a5 Qb5 26. Nfe1 Qc4 27. a6 Qxd4 28. a7 Ra8 29. Nxb4 Rc4 30. Qxd4 Rxd4 31. Nc6 Rc4 32. Ra6 Bc5 33. Rb3 Nd7 34. Rb7 Bxa7 35. Raxa7 Re8 36. Nf3 Nc5 37. Rxf7 Ne6 38. Nce5 d4 39. Nxc4 d3 40. Rad7 Nc5 41. Rxg7+ Kh8 42. Rh7+ Kg8 43. Rdg7+ 1-0

[Event "Satka Autumn op (Women)"]
[Site "Satka"]
[Date "2021.09.03"]
[Round "4"]
[White "Telelyukhina, Elizaveta"]
[Black "Mironenko, Galina"]
[Result "0-1"]
[WhiteElo "1518"]
[BlackElo "1998"]
[PlyCount "108"]
[EventDate "2021.08.31"]
[EventType "swiss"]
[EventRounds "9"]
[EventCountry "RUS"]
[SourceTitle "CBM 204 Extra"]
[Source "ChessBase"]
[SourceDate "2021.11.30"]
[SourceVersion "1"]
[SourceVersionDate "2021.11.30"]
[SourceQuality "1"]

1. e4 c5 2. Nc3 Nc6 3. Bb5 Nd4 4. Bc4 e6 5. Nge2 a6 6. a4 Ne7 7. Nxd4 cxd4 8. Ne2 Nc6 9. d3 Be7 10. 0-0 0-0 11. Bd2 b6 12. f4 d5 13. exd5 exd5 14. Bb3 Re8 15. Ng3 Bh4 16. Qf3 Ne7 17. Ne2 Bf6 18. g4 Ng6 19. g5 Nh4 20. Qf2 Rxe2 21. Qxe2 Be7 22. Be1 Nf5 23. Bf2 Be6 24. Qf3 Qd7 25. c4 dxc3 26. bxc3 Rc8 27. Rac1 b5 28. axb5 Qxb5 29. Ba2 Qa5 30. Bb3 Rb8 31. Bd1 Ba3 32. Rc2 Bd7 33. c4 d4 34. Ra2 Qc5 35. Qg2 Ne3 36. Bxe3 dxe3 37. Re2 Bf5 38. Bc2 Qd4 39. Qg3 Bc5 40. Rd1 a5 41. h4 Rb2 42. Kh2 Bd6 43. Rf1 a4 44. Qf3 a3 45. Kg3 g6 46. h5 gxh5 47. Qxh5 a2 48. Qf3 Rb8 49. Qxe3 a1Q 50. Rxa1 Qxa1 51. c5 Bc7 52. d4 Bxc2 53. Rxc2 Qb1 54. Rc3 Qf5 0-1

[Event "Cheliabinsk Panchenko Memorial op-B"]
[Site "Cheliabinsk"]
[Date "2020.09.15"]
[Round "9"]
[White "Sidorova, Margarita"]
[Black "Telelyukhina, Elizaveta"]
[Result "1/2-1/2"]
[WhiteElo "1682"]
[BlackElo "1504"]
[PlyCount "79"]
[EventDate "2020.09.07"]
[EventType "swiss"]
[EventRounds "9"]
[EventCountry "RUS"]
[SourceTitle "CBM 198 Extra"]
[Source "ChessBase"]
[SourceDate "2020.11.30"]
[SourceVersion "1"]
[SourceVersionDate "2020.11.30"]
[SourceQuality "1"]

1. d4 f5 2. g3 Nf6 3. Bg2 g6 4. Nf3 Bg7 5. 0-0 0-0 6. c4 d6 7. Nc3 c6 8. Bf4 Kh8 9. Qd2 Qe8 10. h3 Nbd7 11. Bh6 e5 12. Bxg7+ Kxg7 13. d5 cxd5 14. Nxd5 Nxd5 15. Qxd5 Rf6 16. b3 Nc5 17. Rad1 Bd7 18. Nxe5 Qxe5 19. Qxe5 dxe5 20. b4 Ba4 21. bxc5 Bxd1 22. Rxd1 Rf7 23. Bd5 Rc7 24. Rb1 Rb8 25. c6 b6 26. Kg2 Rd8 27. a4 Kf6 28. h4 h5 29. Kf3 g5 30. hxg5+ Kxg5 31. a5 bxa5 32. e4 Re8 33. Ke3 a4 34. Rb4 a3 35. Ra4 Rb8 36. f4+ Kf6 37. fxe5+ Kxe5 38. exf5 Kxf5 39. Kd4 Kf6 40. Rxa3 1/2-1/2

[Event "Cheliabinsk Panchenko Memorial op-B"]
[Site "Cheliabinsk"]
[Date "2020.09.13"]
[Round "7"]
[White "Telelyukhina, Elizaveta"]
[Black "Kalashnikova, Elena"]
[Result "0-1"]
[WhiteElo "1504"]
[BlackElo "1683"]
[PlyCount "120"]
[EventDate "2020.09.07"]
[EventType "swiss"]
[EventRounds "9"]
[EventCountry "RUS"]
[SourceTitle "CBM 198 Extra"]
[Source "ChessBase"]
[SourceDate "2020.11.30"]
[SourceVersion "1"]
[SourceVersionDate "2020.11.30"]
[SourceQuality "1"]

1. e4 g6 2. c4 Bg7 3. d4 d6 4. Nc3 Nd7 5. Be2 Ngf6 6. Be3 e5 7. d5 Nc5 8. f3 0-0 9. g4 a6 10. h4 h5 11. g5 Ne8 12. Nh3 Rb8 13. Qc2 c6 14. 0-0-0 cxd5 15. Nxd5 Ne6 16. Bb6 Qd7 17. f4 Nd4 18. Bxd4 exd4 19. Ng1 b5 20. cxb5 axb5 21. Nf3 Qa7 22. Kb1 Be6 23. Nb4 Rc8 24. Qd3 Qb7 25. Nxd4 Bc4 26. Qe3 Qa7 27. Bxc4 Rxc4 28. Nbc2 Nc7 29. Qd3 Ra8 30. a3 Qc5 31. f5 Bxd4 32. Nxd4 b4 33. Nc2 bxa3 34. Nxa3 Rb4 35. fxg6 fxg6 36. e5 Qxe5 37. Qxg6+ Kh8 38. Qxh5+ Kg8 39. Qg6+ Kh8 40. Qf6+ Qxf6 41. gxf6 Rxa3 42. f7 Rf3 43. Rhf1 Rbf4 44. Rxf3 Rxf3 45. Rxd6 Rxf7 46. Rd4 Kg7 47. b4 Kg6 48. Kc2 Rf5 49. Kb3 Kf6 50. Kc4 Ne6 51. Rd6 Ke7 52. Rb6 Rh5 53. b5 Rxh4+ 54. Kd5 Rh5+ 55. Kc4 Rc5+ 56. Kb4 Rc1 57. Rb8 Nc7 58. Ka5 Kd7 59. b6 Ra1+ 60. Kb4 Na6+ 0-1

[Event "Cheliabinsk Panchenko Memorial op-B"]
[Site "Cheliabinsk"]
[Date "2020.09.09"]
[Round "3"]
[White "Kovaleva, Ekaterina"]
[Black "Telelyukhina, Elizaveta"]
[Result "1-0"]
[WhiteElo "1850"]
[BlackElo "1504"]
[PlyCount "41"]
[EventDate "2020.09.07"]
[EventType "swiss"]
[EventRounds "9"]
[EventCountry "RUS"]
[SourceTitle "CBM 198 Extra"]
[Source "ChessBase"]
[SourceDate "2020.11.30"]
[SourceVersion "1"]
[SourceVersionDate "2020.11.30"]
[SourceQuality "1"]

1. e4 e6 2. d4 d5 3. Nd2 Nc6 4. Ngf3 Nf6 5. e5 Nd7 6. c3 Be7 7. Bd3 0-0 8. 0-0 a5 9. a4 b6 10. Qe2 Ncb8 11. Re1 Ba6 12. c4 c5 13. cxd5 Bxd3 14. Qxd3 exd5 15. Nf1 c4 16. Qf5 Na6 17. e6 Nf6 18. exf7+ Rxf7 19. Ng5 Rf8 20. Qe6+ Kh8 21. Qxe7 1-0

[Event "Cheliabinsk Panchenko Memorial op-B"]
[Site "Cheliabinsk"]
[Date "2020.09.08"]
[Round "2"]
[White "Telelyukhina, Elizaveta"]
[Black "Mukhina, Jana"]
[Result "1/2-1/2"]
[WhiteElo "1504"]
[BlackElo "2068"]
[PlyCount "85"]
[EventDate "2020.09.07"]
[EventType "swiss"]
[EventRounds "9"]
[EventCountry "RUS"]
[SourceTitle "CBM 198 Extra"]
[Source "ChessBase"]
[SourceDate "2020.11.30"]
[SourceVersion "1"]
[SourceVersionDate "2020.11.30"]
[SourceQuality "1"]

1. d4 Nf6 2. c4 g6 3. Nc3 Bg7 4. e4 d6 5. Be2 0-0 6. Be3 Na6 7. g4 e5 8. d5 Nc5 9. f3 a5 10. h4 Ne8 11. h5 f5 12. hxg6 hxg6 13. gxf5 gxf5 14. exf5 Bxf5 15. Qd2 Qf6 16. 0-0-0 a4 17. Bxc5 dxc5 18. a3 Nd6 19. Bd3 Qg6 20. Bxf5 Qxf5 21. Qe2 Qf4+ 22. Kb1 Nxc4 23. Nh3 Qf5+ 24. Ka2 Nd6 25. Rdf1 Ra5 26. Ne4 Qf7 27. Qd3 c4 28. Qc2 Qxd5 29. Nxd6 cxd6 30. Ng5 Qd3 31. Qh2 Rf6 32. Ne4 Rh6 33. Qg2 Rxh1 34. Rxh1 Qb3+ 35. Ka1 c3 36. Nxc3 Rc5 37. Rg1 Rc7 38. Ne4 Qe6 39. Qg5 Rf7 40. Qd8+ Rf8 41. Qg5 Rf7 42. Qd8+ Rf8 43. Qg5 1/2-1/2

[Event "Cheliabinsk Panchenko Memorial op-B"]
[Site "Cheliabinsk"]
[Date "2020.09.07"]
[Round "1"]
[White "Vifleemskaia, Svetlana"]
[Black "Telelyukhina, Elizaveta"]
[Result "1/2-1/2"]
[WhiteElo "1943"]
[BlackElo "1504"]
[PlyCount "62"]
[EventDate "2020.09.07"]
[EventType "swiss"]
[EventRounds "9"]
[EventCountry "RUS"]
[SourceTitle "CBM 198 Extra"]
[Source "ChessBase"]
[SourceDate "2020.11.30"]
[SourceVersion "1"]
[SourceVersionDate "2020.11.30"]
[SourceQuality "1"]

1. d4 f5 2. Nf3 Nf6 3. c4 g6 4. b4 Bg7 5. Bb2 0-0 6. e3 d6 7. Be2 Kh8 8. 0-0 a5 9. a3 axb4 10. axb4 Rxa1 11. Bxa1 Qe8 12. Qb3 Nbd7 13. d5 h6 14. Nc3 e5 15. dxe6 Qxe6 16. Rd1 Ne5 17. Nd5 Nxd5 18. cxd5 Nxf3+ 19. Bxf3 Qe7 20. Qc4 Kh7 21. h3 Bxa1 22. Rxa1 Qg7 23. Rc1 Rf7 24. Qc3 b6 25. Qa3 Bb7 26. Rc2 Qh8 27. Qc1 Qg7 28. Qa3 Qh8 29. Qc1 Qg7 30. Qa3 Qh8 31. Qc1 Qg7 1/2-1/2

[Event "Satka Autumn op (Women)"]
[Site "Satka"]
[Date "2019.09.25"]
[Round "7"]
[White "Matsenko, Elena"]
[Black "Telelyukhina, Elizaveta"]
[Result "1-0"]
[WhiteElo "1841"]
[BlackElo "1445"]
[PlyCount "68"]
[EventDate "2019.09.19"]
[EventType "swiss"]
[EventRounds "9"]
[EventCountry "RUS"]
[SourceTitle "EXT 2020"]
[Source "ChessBase"]
[SourceDate "2019.10.17"]
[SourceVersion "1"]
[SourceVersionDate "2019.10.17"]
[SourceQuality "1"]

1. e4 e6 2. d4 d5 3. Nd2 Nc6 4. Ngf3 Nf6 5. e5 Ne4 6. Bd3 Nxd2 7. Bxd2 Nb4 8. Be2 c5 9. c3 Nc6 10. 0-0 Qb6 11. Bc1 Bd7 12. dxc5 Bxc5 13. b4 Be7 14. Bd3 0-0 15. Re1 Qc7 16. Bd2 Rac8 17. Rc1 Qb8 18. Bg5 Bxg5 19. Nxg5 h6 20. Nh7 Rfd8 21. Qh5 b5 22. g4 d4 23. g5 Nxe5 24. Be4 d3 25. Rcd1 hxg5 26. Nxg5 Rxc3 27. f4 Qb6+ 28. Kh1 Ng6 29. Bxg6 fxg6 30. Qh7+ Kf8 31. Qh8+ Ke7 32. Qxg7+ Kd6 33. Ne4+ Kc7 34. Qxc3+ Bc6 1-0

[Event "Satka Autumn op (Women)"]
[Site "Satka"]
[Date "2019.09.19"]
[Round "1"]
[White "Nosacheva, Mariya"]
[Black "Telelyukhina, Elizaveta"]
[Result "1-0"]
[WhiteElo "2193"]
[BlackElo "1445"]
[PlyCount "41"]
[EventDate "2019.09.19"]
[EventType "swiss"]
[EventRounds "9"]
[EventCountry "RUS"]
[SourceTitle "EXT 2020"]
[Source "ChessBase"]
[SourceDate "2019.10.17"]
[SourceVersion "1"]
[SourceVersionDate "2019.10.17"]
[SourceQuality "1"]

1. e4 c5 2. Nf3 e6 3. d4 cxd4 4. Nxd4 a6 5. Nc3 Qc7 6. g3 Bb4 7. Nde2 Nf6 8. Bg2 Nc6 9. 0-0 0-0 10. Bf4 e5 11. Bg5 Ne7 12. Qd3 d6 13. Rad1 Rd8 14. Bxf6 gxf6 15. Qf3 Kg7 16. a3 Bc5 17. g4 Be6 18. Ng3 Bd4 19. Nh5+ Kf8 20. Qxf6 Bxc3 21. Qg7+ 1-0

[Event "RUS Cup U11 Girls final"]
[Site "Bryansk"]
[Date "2019.01.05"]
[Round "2"]
[White "Telelyukhina, Elizaveta"]
[Black "Bazhenova, Anastasiya"]
[Result "1-0"]
[WhiteElo "1525"]
[BlackElo "1318"]
[PlyCount "105"]
[EventDate "2019.01.04"]
[EventType "tourn"]
[EventRounds "7"]
[EventCountry "RUS"]
[SourceTitle "EXT 2021"]
[Source "ChessBase"]
[SourceDate "2020.10.23"]
[SourceVersion "1"]
[SourceVersionDate "2020.10.23"]
[SourceQuality "1"]

1. c4 g6 2. Nc3 Bg7 3. d4 e6 4. e4 Ne7 5. Nf3 d5 6. exd5 exd5 7. c5 Nbc6 8. Bb5 0-0 9. h3 a6 10. Ba4 Bd7 11. 0-0 Nb4 12. Bxd7 Qxd7 13. a3 Nbc6 14. Re1 Rae8 15. Bf4 Nf5 16. Be3 Nxe3 17. Rxe3 Rxe3 18. fxe3 Re8 19. Qd3 f5 20. b4 Na7 21. Re1 Nb5 22. Nd1 f4 23. Nb2 Qf5 24. a4 Na7 25. Qxf5 gxf5 26. Kf2 fxe3+ 27. Rxe3 Re4 28. Ke2 Bxd4 29. Rxe4 Bxb2 30. Re7 Bc3 31. Rxc7 Bxb4 32. Rxb7 Bxc5 33. Rc7 Bb6 34. Rd7 d4 35. Nxd4 Bxd4 36. Rxd4 Nc6 37. Rd6 Nb4 38. Rf6 Nd5 39. Rxa6 Nc3+ 40. Kd3 Ne4 41. Ra8+ Kg7 42. a5 Nc5+ 43. Kc4 Ne6 44. a6 f4 45. a7 Nc7 46. Rc8 Na8 47. Rxa8 Kf7 48. Rd8 Kf6 49. a8Q Ke5 50. Qd5+ Kf6 51. Rf8+ Ke7 52. Rf7+ Ke8 53. Qd7# 1-0

[Event "Satka Autumn op"]
[Site "Satka"]
[Date "2017.09.18"]
[Round "7"]
[White "Davydova, Tatiana"]
[Black "Telelyukhina, Elizaveta"]
[Result "0-1"]
[WhiteElo "1149"]
[BlackElo "1270"]
[PlyCount "148"]
[EventDate "2017.09.12"]
[EventType "swiss"]
[EventRounds "9"]
[EventCountry "RUS"]
[SourceTitle "CBM 180 Extra"]
[Source "ChessBase"]
[SourceDate "2017.10.06"]
[SourceVersion "1"]
[SourceVersionDate "2017.10.06"]
[SourceQuality "1"]

1. e4 c5 2. Nc3 Nc6 3. Nf3 e6 4. Bc4 Qc7 5. 0-0 a6 6. a3 Nf6 7. d3 Be7 8. Bg5 0-0 9. e5 Nxe5 10. Bf4 Nxf3+ 11. Qxf3 Qc6 12. Qg3 Nh5 13. Qg4 Nxf4 14. Qxf4 b5 15. Ba2 Bb7 16. f3 d5 17. Ne2 Bd6 18. Qh4 Qc7 19. c4 f5 20. f4 Rf6 21. Rf3 Rh6 22. Qf2 dxc4 23. Rg3 cxd3 24. Rxd3 c4 25. Rg3 Bc5 26. Nd4 Qb6 27. Rd1 Rd8 28. Qe2 Bxd4+ 29. Kh1 Bc5 30. h3 Rxd1+ 31. Qxd1 Bd6 32. Qd2 Rh4 33. Qc3 Qc7 34. Re3 Rxf4 35. Qe1 Bd5 36. b3 cxb3 37. Bxb3 Bxb3 38. Rxb3 Qc4 39. Rb1 Re4 40. Qf2 Re2 41. Qa7 Qc2 42. Qa8+ Kf7 43. Rg1 Qa4 44. Qb7+ Kf6 45. Qc6 Be5 46. Qf3 Re4 47. g4 Rf4 48. g5+ Kg6 49. Qa8 Qe4+ 50. Qxe4 Rxe4 51. Rc1 Kxg5 52. Rc6 Re1+ 53. Kg2 Kf6 54. Rxa6 Rb1 55. Rb6 Rb2+ 56. Kf3 Rb3+ 57. Kg2 Rxa3 58. Rxb5 Rg3+ 59. Kf2 Rxh3 60. Kg2 Rg3+ 61. Kf2 f4 62. Rb1 Bd4+ 63. Ke2 Rg1 64. Rb4 e5 65. Kf3 g5 66. Ke4 g4 67. Ra4 g3 68. Ra6+ Kg5 69. Kf3 g2 70. Ra8 e4+ 71. Kxe4 Re1+ 72. Kxd4 g1Q+ 73. Kd3 Rd1+ 74. Ke2 Qf1# 0-1

[Event "Satka Autumn op"]
[Site "Satka"]
[Date "2017.09.16"]
[Round "5"]
[White "Gutkovich, Polina"]
[Black "Telelyukhina, Elizaveta"]
[Result "1-0"]
[WhiteElo "2012"]
[BlackElo "1270"]
[PlyCount "67"]
[EventDate "2017.09.12"]
[EventType "swiss"]
[EventRounds "9"]
[EventCountry "RUS"]
[SourceTitle "CBM 180 Extra"]
[Source "ChessBase"]
[SourceDate "2017.10.06"]
[SourceVersion "1"]
[SourceVersionDate "2017.10.06"]
[SourceQuality "1"]

1. d4 d5 2. c4 e6 3. Nc3 Nf6 4. cxd5 Nxd5 5. e4 Nb6 6. Nf3 Nc6 7. Bb5 Bd7 8. Bxc6 Bxc6 9. Ne5 Be7 10. 0-0 0-0 11. a4 Qd6 12. Bf4 Qd8 13. a5 Nd7 14. Nxc6 bxc6 15. Qa4 c5 16. Rfd1 Nf6 17. dxc5 Qe8 18. c6 a6 19. e5 Nh5 20. Be3 g5 21. Qg4 Ng7 22. Bxg5 Bxg5 23. Qxg5 Qxc6 24. h4 Kh8 25. Qf6 Rg8 26. h5 Qb7 27. h6 Qxb2 28. Ne4 Qb7 29. Ng5 Raf8 30. hxg7+ Rxg7 31. Nxf7+ Kg8 32. Nh6+ Kh8 33. Qxf8+ Rg8 34. Nf7# 1-0

[Event "Satka Autumn op"]
[Site "Satka"]
[Date "2017.09.12"]
[Round "1"]
[White "Telelyukhina, Elizaveta"]
[Black "Khlichkova, Tatiana"]
[Result "0-1"]
[WhiteElo "1270"]
[BlackElo "2241"]
[PlyCount "46"]
[EventDate "2017.09.12"]
[EventType "swiss"]
[EventRounds "9"]
[EventCountry "RUS"]
[SourceTitle "CBM 180 Extra"]
[Source "ChessBase"]
[SourceDate "2017.10.06"]
[SourceVersion "1"]
[SourceVersionDate "2017.10.06"]
[SourceQuality "1"]

1. e4 e6 2. d4 d5 3. exd5 exd5 4. Nf3 Bd6 5. Bd3 Nc6 6. Be3 Bg4 7. 0-0 Nge7 8. h3 Bh5 9. a3 f5 10. c3 0-0 11. Bg5 Qd7 12. Bxe7 Nxe7 13. Nbd2 Ng6 14. Qb1 Nf4 15. Bc2 Qf7 16. Nh4 Qf6 17. Nxf5 Qg5 18. Ne3 Nxh3+ 19. Kh1 Nxf2+ 20. Rxf2 Qh4+ 21. Kg1 Qxf2+ 22. Kh1 Qh4+ 23. Kg1 Qh2# 0-1